Responses for Show #8648 - Wednesday, May 25, 2022

Ryan Long game 9.

Contestants

[<< previous game]

Noura Dabbouseh, a physician from Clarendon Hills, Illinois

Kris Olson, a high school music teacher from Lexington, Kentucky

Ryan Long, a rideshare driver from Philadelphia, Pennsylvania (whose 8-day cash winnings total $160,401)

[next game >>]

Jeopardy! Round responses

LET'S GET HISTORICAL
MOVIE SUPERVILLAINS
FUN WITH U.S. CITY FLAGS
'80s & '90s NONFICTION
5-LETTER "W"s
BOND APPETIT!
(Mayim: Based on the books by Ian Fleming.)
    $200 21
the gold standard

Ryan
    $200 26
(Mayim: You ran that category.)
[Applause]

Black Panther

Ryan
    $200 30
the Alamo

Ryan
    $200 15
Jimmy Buffett

Kris
    $200 2
the waltz

Ryan
    $200 10
marmalade

Ryan
    $400 20
gladiators

Noura
    $400 24
(Noura: Who is... Octoman?)

Doctor Octopus

RyanNoura
    $400 18
the Ohio

Kris
    $400 11
Freedom

Ryan
    $400 1
wring

Noura
    $400 6
caviar

Ryan
    $600 19
India

Triple Stumper
    $600 23
(General) Zod

Ryan
    $600 27
Mount Rushmore

Ryan
    $600 12
AIDS

Ryan
    $600 3
wheat

Ryan
    $600 7
broccoli

Ryan
    $1,000 16
the Rosetta Stone

Kris
    $800 22
Hellboy

Ryan
    $800 28
Raleigh

Ryan
    $800 13
(Ryan: Who is Brice?)
(Noura: Who is Lucille Ball?)

Gilda Radner

RyanNoura
Triple Stumper
    $800 4
wince

Noura
    $800 8
the High Life

Triple Stumper
    $1000 17
the Pinkertons (the Pinkerton National Detective Agency)

Ryan
    $1000 25
Ultron

Ryan
    $1000 29
(Kris: What is Miami?)

Key West

Kris
Triple Stumper
    $1000 14
Men Are from Mars, Women Are from Venus

Noura
    $1000 5
(Mayim: Yes, short for "will comply".)

wilco

Ryan
    $1000 9
crab

Ryan

Scores at the first commercial break (after clue 15):

Ryan Kris Noura
$4,200 $200 $1,400

Scores at the end of the Jeopardy! Round:

Ryan Kris Noura
$10,000 $600 $1,400

Double Jeopardy! Round responses

ROUGH NATIONAL ANTHEM LYRICS
THE ONE BEFORE THE FAMOUS ONE
MY NAME IS STEPHEN
LENDING TV SUPPORT
IT'S THE JURASSIC PERIOD
HERE COMES A BRONTE THESAURUS
    $400 1
"The Star-Spangled Banner"

Noura
    $400 2
Beethoven's Fourth Symphony

Kris
    $400 15
(Stephen F.) Austin

Kris
    $400 14
Mad Men

Ryan
    $400 25
a greenhouse effect

Ryan
    $800 7
(Ryan: What is Spain?)

Mexico

Ryan
Triple Stumper
    $800 3
Psalm 22

Kris
    $800 9
Hawking

Ryan
    $800 13
Veep

Triple Stumper
    $800 21
oil

Noura
    $800 26
oaths

Ryan
    $1200 8
"The Marseillaise"

Ryan
    $1,700 4
(Kris: Who is...)
...
(Mayim: His son, Henry VIII, was married six times.)

Henry VII

Kris
    $1200 10
Strasburg

Triple Stumper
    $1200 18
Ghosts

Ryan
    $1200 22
Utah

Ryan
    $1200 27
fearsome

Noura
    $1,000 16
(Kris: What is Spain?)

Italy

Kris
    $1600 5
(Noura: Uh, what is Fifth Avenue?)
...
(Mayim: 42nd Street is the musical.)

41st Street

KrisNoura
    $1600 11
Harper

Kris
    $1600 19
Killing Eve

Triple Stumper
    $1600 23
(Mayim: Less than a minute.)

Stegosaurus

Kris
    $1600 28
[The end-of-round signal sounds.]

shivered

Ryan
    $2000 17
Denmark

Ryan
    $2000 6
(Ryan: What is the 4th Ward?)
...
(Mayim: The Lower 9th Ward is the one we hear about.)

the 8th Ward

Ryan
Triple Stumper
    $2000 12
(Ryan: What is... Germany?)

Hungary

RyanNoura
    $2000 20
The Blacklist

Triple Stumper
    $2000 24
(Ryan: What is Pangaea?)

Gondwana

RyanKris

Scores at the end of the Double Jeopardy! Round:

Ryan Kris Noura
$12,800 $6,300 $4,200
(lock game)

[wagering suggestions for these scores]

Final Jeopardy! Round responses

FAMOUS SPEECHES
(Mayim: [To Kris] FDR changed "a date which will live in world history" to "a date which will live in [*]".)
NouraWhat is Democracy
$4,000
KrisWhat is infamy?
$6,300
RyanWhat is Infamy?
$100
infamy

Final scores:

Ryan Kris Noura
$12,900 $12,600 $200
9-day champion: $173,301 2nd place: $2,000 3rd place: $1,000

Game dynamics:

Coryat scores:

Ryan Kris Noura
$12,800 $8,800 $4,200
28 R,
5 W
10 R
(including 1 DD),
3 W
(including 2 DDs)
8 R,
3 W

Combined Coryat: $25,800

[game clues] [game scores] [suggest correction]

Game tape date: 2022-03-31
The J! Archive is created by fans, for fans. Scraping, republication, monetization, and malicious use prohibited; this site may use cookies and collect identifying information. See terms. The Jeopardy! game show and all elements thereof, including but not limited to copyright and trademark thereto, are the property of Jeopardy Productions, Inc. and are protected under law. This website is not affiliated with, sponsored by, or operated by Jeopardy Productions, Inc. Join the discussion at JBoard.tv.